|
|
|
|
| LEADER |
00000nam0a2200000 4500 |
| 001 |
294703 |
| 005 |
20231102000729.0 |
| 020 |
|
|
|a RU
|b 84-22629
|
| 035 |
|
|
|a (RuTPU)RU\TPU\book\319776
|
| 090 |
|
|
|a 294703
|
| 100 |
|
|
|a 20150515d1984 m y0rusy5003 ca
|
| 101 |
0 |
|
|a rus
|
| 102 |
|
|
|a RU
|
| 105 |
|
|
|a a j 001zy
|
| 200 |
1 |
|
|a Производственное обучение облицовщиков-плиточников и мозаичников
|e методическое пособие для средних ПТУ
|f Л. Д. Емельяненко, А. С. Дмитриева
|
| 210 |
|
|
|a Москва
|c Высшая школа
|d 1984
|
| 215 |
|
|
|a 128 с.
|c ил.
|
| 320 |
|
|
|a Библиогр.: с. 127
|
| 606 |
1 |
|
|a Облицовочные работы-плиточные
|2 stltpush
|3 (RuTPU)RU\TPU\subj\46402
|9 65542
|
| 606 |
1 |
|
|a Полы мозаичные
|x Устройство
|2 stltpush
|3 (RuTPU)RU\TPU\subj\50764
|9 69413
|
| 610 |
1 |
|
|a производственное обучение
|
| 610 |
1 |
|
|a мозаичные работы
|
| 610 |
1 |
|
|a производственная безопасность
|
| 610 |
1 |
|
|a поверхности
|
| 610 |
1 |
|
|a подготовка
|
| 610 |
1 |
|
|a растворы
|
| 610 |
1 |
|
|a мастики
|
| 610 |
1 |
|
|a ремонт
|
| 610 |
1 |
|
|a методические пособия
|
| 675 |
|
|
|a 693.695(075.3)
|z rus
|v 3
|
| 675 |
|
|
|a 693.7(075.3)
|z rus
|v 3
|
| 700 |
|
1 |
|a Емельяненко
|b Л. Д.
|g Людмила Дмитриевна
|4 070
|
| 701 |
|
1 |
|a Дмитриева
|b А. С.
|g Антонина Сергеевна
|4 070
|
| 801 |
|
0 |
|a RU
|b RuMRKP
|c 19950704
|g psbo
|
| 801 |
|
1 |
|a RU
|b 63413507
|c 20150515
|
| 801 |
|
2 |
|a RU
|b 63413507
|c 20181112
|g RCR
|
| 942 |
|
|
|c BK
|